000 00702nam a2200205 a 4500
005 20230607115720.0
008 160530s2015 mx r 000 0 spa d
020 _a9786074954470
035 _aUPN01000210833
049 _aCG
050 4 _aZ211 M4
_bC7.6
245 0 0 _aCronología de las ediciones del Estado de México, 1812-2015 /
_ccoord. Alfonso Sánchez Arteche.
260 _aMéxico :
_bGobierno del Estado de México :
_bFondo Editorial Estado de México,
_c2015.
300 _a91 p. :
_eil. col.
440 0 _aFundiciones
650 2 _aImprenta
_zEstado de México
_xHistoria
_925437
700 1 _aSánchez Arteche, Alfonso,
_d1952-
_ecoord.
_939272
905 _aLibro
999 _c182934
_d182934